000 01447nam a22003857a 4500
003 CHAP
005 20220817042107.0
008 971013s1955 r 00010 d
010 _a34325
011 _a35297
035 _a39413
040 _cCHAP
082 _a336
_bL87
100 0 0 _aLurié, Samuel.
_969186
245 _aEstabilidad y desarrollo económico
_b: metodología y análisis
260 _aMéxico :
_bCEMLA,
_c1955
300 _a157 p.
590 _aBATCH-UPD
_b10
_c20130110
_lUCH01
_h1026
590 _aBATCH-UPD
_b10
_c20130410
_lUCH01
_h0630
590 _aBATCH-UPD
_b10
_c20130914
_lUCH01
_h0929
590 _aCONVERSION
_b10
_c20130109
_lUCH01
_h1319
650 1 4 _aDesarrollo económico.
650 1 4 _aFinanzas públicas.
_940953
650 1 4 _aInflación.
_958064
710 0 _aCEMLA.
_920939
901 _aBK
942 _cLIBRO
949 _a336 L87
_bBC
_cLIBRO
_d33724000350724
_eLIBRO
_fc.3
_h4140
_i39413
_si
_t12.50
949 _a336 L87
_bBC
_cLIBRO
_d33724000350732
_eLIBRO
_h4138
_i39413
_si
_t12.50
949 _a336 L87
_bBC
_cLIBRO
_d33724000350740
_eLIBRO
_fc.2
_h4139
_i39413
_si
_t12.50
949 _a336 L87
_bBC
_cLIBRO
_d33724000350757
_eLIBRO
_fc.5
_h4142
_i39413
_si
_t12.50
949 _a336 L87
_bBC
_cLIBRO
_d33724000350773
_eLIBRO
_fc.7
_h14062
_i39413
_si
_t12.50
949 _a336 L87
_bBC
_cLIBRO
_d33724000350781
_eLIBRO
_fc.8
_h4143
_i39413
_si
_t12.50
949 _a336 L87
_bBC
_cLIBRO
_d33724000350799
_eLIBRO
_fc.4
_h4141
_i39413
_si
_t12.50
999 _c34325
_d34325